000 01347nam a2200325 4500
003 EG-GICUC
005 20260121101229.0
008 251116s2001 ua ||||fr|||| 00| 0 ara d
017 _a20019627
020 _a9770434515
040 _a EG-GICUC
_bara
_c EG-GICUC
_d EG-GICUC
_erda
041 0 _aara
082 0 4 _221
_a341.851
_bم ح . م
092 0 4 _221
099 _aLaw1 12 341.851 م ح . م 1 ed - 2001
100 0 _aمحمد عبدالعزيز بكر
_eمؤلف.
245 1 0 _aمركز التحكيم لدول مجلس التعاون الخليجي:
_bتعليق علي لائحة المركز كنموذج لمراكز التحكيم في اسيا /
_cمحمد عبدالعزيز بكر.
250 _aالطبعة الاولى
264 _aالقاهرة؛
_bدار النهضة العربية،
_c2001.
300 _a115 ؛ صفحة
_c24 سم
336 _2rda content
_atext
337 _2rda media
_aComputer
338 _2rda carrier
_aOnline Resource
504 _aيحتوي على اراجاعات ببليوجرافية
546 _aالنص أغلبه باللغة العربية مع بعض النصوص الفرنسية
650 1 _aالتحكيم - قانون دولي
_zدول الخليج
856 4 0 _uhttps://fll.law.cu.edu.eg/fulltext/bks/B12-00943.pdf
905 _a75
_eYara
942 _2ddc
_n0
_cBK
_e21
999 _c43648
_d43648